000 005180000a22001690004500
090 _aAR
_b00561
245 1 0 _aSpecies composition and morphological structure of the bat fauna of Yucatan, Mexico
650 1 4 _aMamíferos
_992510
650 1 4 _aMurciélagos
_92659
650 1 4 _aCavernas
_993465
650 1 4 _aModelos nulos
_993615
650 1 4 _aComunidades animales
_993616
041 0 _aInglés
100 1 _aArita, Héctor T.
_964305
942 _cARTICULO
773 1 _tJournal of Animal Ecology
_3215
_h1
_q83-87
_d1997
_g66
999 _c9654
_d9654